000 00310nam a22001337a 4500
008 190305b xxu||||| |||| 00| 0 eng d
020 _a2740359938859
041 _aeng
080 _28th
_a316
100 _a50
101 _aSOC
245 _aSocial Work an empowering proffesion
_cDuBois,B
942 _2udc
_cBK
999 _c54575
_d54575